01692nam a2200397 a 4500001001000000003000900010005001700019007000300036008004100039020001800080040002500098041001300123082003100136092000600167100005200173245014000225246002500365264004400390300002800434336002800462337003500490338003000525500007100555546003200626590002600658650003400684650003600718700003700754700004100791910004000832942001200872952012800884952013401012952013301146999001501279000004526DO-SdBPM20260528140520.0ta090723s2007 dr a 000 p spa d a9789945856750 aDO-SdBPMbspacBPMSU1 aspaheng04aRD861.44b S211s 2007222 a 1 aSánchez Beras, César,d1962-eautor 4aut. 13aEl sapito azul =bThe Little Blue Frog /cCésar Sánchez Beras ; traducción Rhina P. Espaillat ; ilustración Jovanny Silberberg.13aThe Little Blue Frog aSanto Domingo :bEditora Búho,c2007. a55 páginas ;c22 cm. atexto btxt2rdacontent asin mediación bn2rdamedia  avolumen bnc2rdacarrier  aIncluye datos biográficos del autor en la solapa de la cubierta  aTexto en ingles y español aInventariado, 2026/VM 7aPoesía infantil dominicana  aLiteratura infantil dominicana 1 aEspaillat, Rhina P.,etraductor 1 aSilberberg, Jovanny,eilustración  aVMateo V. Control de calidad BPMSU  2ddccBK 00102ddc708CI-DaBPMETbBPMETd2015-04-29l0oBPMSU CGI RD861.44 S211s 2007pBPMSU15041477r2015-04-29w2015-04-29yBK 00102ddc708CI-DaBPMETbBPMETd2015-04-29l0oBPMSU CGI RD861.44 S211s 2007pBPMSU15041478r2015-04-29te. 2w2015-04-29yBK 00102ddc708CI-DaBPMETbBPMETd2015-04-29l0oBPMSU CGI RD861.44 S211s 2007pBPMSU15041479r2015-04-29te.3w2015-04-29yBK c7758d7758